Dígalo con graficas : La guía del ejecutivo para la comunicación visual

Bibliographic Details
Main Author: Comer, Douglas E.
Format: Section = Libro
Language:Undetermined
Spanish
Published: México Pearson Educación 2015
Edition:6a ed.
Subjects:
LEADER 00720nam a2200229Ia 4500
008 240830s9999 xx 000 0 und d
020 |a 978-607-32-3324-8 
040 |a B-ESTELÍ- RUACS / 001.4226 Z49 
041 |a spa 
082 |a 001.4226 Z49 
100 1 |a Comer, Douglas E. 
245 1 0 |a Dígalo con graficas : La guía del ejecutivo para la comunicación visual 
250 |a 6a ed. 
260 |a México  |b Pearson Educación  |c 2015 
300 |a 466 p. 
650 7 |a REDES DE COMPUTADORA E INTERNET 
650 7 |b  COMUNICACIONES DE DATOS 
650 7 |c  CONMUTACIÓN DE PAQUETES Y TECNOLOGÍAS DE REDES 
650 7 |d  INTERCONEXIÓN DE REDES - USO DE TCP/IP 
942 |c BK  |2 ddc 
991 |a TEXTO 
999 |c 10511